| 000 | 01076nac a22002771u 4500 | ||
|---|---|---|---|
| 010 | _a 2002072513 | ||
| 020 | _a0335208959 (pb) | ||
| 020 | _a0335208967 (hb) | ||
| 082 | 0 | 0 |
_a305.232 _bROB |
| 090 |
_c5552 _d5552 |
||
| 100 | _aRobinson, Maria. | ||
| 245 | 1 | 0 |
_aFrom birth to one : _bthe year of opportunity / _cMaria Robinson. |
| 260 |
_aBuckingham ; _aPhiladelphia : _bOpen University Press,c.2002. _cc.2002. |
||
| 300 | _ap. cm. | ||
| 500 | _aDistributer : Al-Ahram | ||
| 504 | _aIncludes bibliographical references and index. | ||
| 511 | _aCatalogued By : Mahitab. | ||
| 650 | 0 |
_aInfants _xDevelopment. |
|
| 650 | 0 |
_aInfants _xCare. |
|
| 650 | 0 | _aParent and infant. | |
| 650 | 0 | _aChild care services. | |
| 856 | 4 | 2 |
_3Publisher description _uhttp://www.loc.gov/catdir/description/mh051/2002072513.html |
| 856 | 4 | 2 |
_3Contributor biographical information _uhttp://www.loc.gov/catdir/bios/mh051/2002072513.html |
| 856 | 4 | 2 |
_3Table of contents _uhttp://www.loc.gov/catdir/toc/mh051/2002072513.html |
| 942 |
_cBB _k305.232ROB |
||
| 999 |
_c5552 _d5552 |
||